| 000 | 00662nam a22002057i 4500 | ||
|---|---|---|---|
| 999 |
_c23325 _d23325 |
||
| 003 | AR-CdUCM | ||
| 008 | 250721b20242024bl ||||| |||| 00| 0 eng d | ||
| 020 | _a978-85-7772-575-5 | ||
| 040 |
_aMUNICIPALIDAD PROVINCIAL DEL CUSCO _cBIBLIOTECA MUNICIPAL DEL CUSCO |
||
| 041 | _hbl | ||
| 082 |
_a868.9 / D51 _bD51 |
||
| 100 |
_aDelmaschio, Andréia _951247 |
||
| 245 |
_aAI DE TI, CAMBURI : _bVENCEDOR NA CATEGORIA ROMANCE / |
||
| 260 |
_a Vitória-ES . Brasil : _bEDUFES-Editora _c2024 |
||
| 300 |
_a238 páginas. : _c21x15 cm. |
||
| 650 |
_aLiteratura e recistëncia _951251 |
||
| 856 | _fwww.edufes.ufes.br | ||
| 942 |
_2ddc _cLIBROS |
||
| 945 |
_apbjr _d21-07-2025 |
||